| Поле | Инд. | ПП | Название | Значение |
|---|---|---|---|---|
| Тип записи | a | |||
| Библиографический уровень | m | |||
| 001 | Контрольный номер | 004872220 | ||
| 005 | Дата корректировки | 20150513113601.9 | ||
| 008 | Кодируемые данные | 101111s2011 y zzzz 000 1 rus u | ||
| 020 | a | ISBN | 978-5-238-02127-0 | |
| 040 | a | Служба первич. каталог. | Агентство CIP РГБ | |
| a | Служба первич. каталог. | НБ ТвГУ | ||
| d | Организация, изменившая запись | RuMo | ||
| e | Правила каталог. | rcr | ||
| 041 | a | Код языка текста | rus | |
| 080 | a | Индекс УДК | 343.35(075.8) | |
| 080 | a | Индекс УДК | 351.74(470)(075.8) | |
| 084 | a | Индекс другой классификации/Индекс ББК | Х515я73-1 | |
| 084 | a | Индекс другой классификации/Индекс ББК | Х401.133.1я73-1 | |
| 090 | a | Полочн. индекс | Х515 | |
| x | Авторский знак | П 51 | ||
| 245 | 10 | a | Заглавие | Полномочия подразделений органов внутренних дел (полиции) в противодействии коррупции |
| b | Продолж. заглавия | учебно-практическое пособие для студентов вузов, обучающихся по специальностям "Юриспруденция", "Правоохранительная деятельность" ; по научным специальностям 12.00.08 "Уголовное право, криминология, уголовно-исполнительное право", 12.0011 "Судебная власть ; прокурорский надзор ; организация правоохранительной деятельности", 12.00.14 "Административное право ; финансовое право" | ||
| 260 | a | Место издания | Москва | |
| b | Издательство | ЮНИТИ | ||
| b | Издательство | Закон и право | ||
| c | Дата издания | 2011 | ||
| 300 | a | Объем | 245 с. | |
| b | Иллюстрации/ тип воспроизводства | ил., табл. | ||
| c | Размеры | 21 см | ||
| 500 | a | Примечание | Авт. указаны на обороте тит. л. | |
| 504 | a | Библиография | Библиогр.: с. 228-245 и в подстроч. примеч. | |
| 520 | a | Аннотация | Рассматриваются вопросы понятия и сущности коррупции , антикоррупционной политики России на современном этапе, структура и направления деятельности органов внутренних дел в сфере противодействия коррупции . Для курсантов, слушателей и преподавателей высших учебных заведений МВД России, а также практических работников правоохранительных органов . | |
| 653 | a | Ключевые слова | Административное право | |
| a | Ключевые слова | Антикоррупционная политика | ||
| a | Ключевые слова | Борьба с коррупцией | ||
| a | Ключевые слова | Коррупционные преступления | ||
| a | Ключевые слова | Коррупция | ||
| a | Ключевые слова | Криминалистика | ||
| a | Ключевые слова | Криминология | ||
| a | Ключевые слова | Оперативно-розыскная деятельность | ||
| a | Ключевые слова | Органы внутренних дел | ||
| a | Ключевые слова | Подразделения органов внутренних дел | ||
| a | Ключевые слова | Противодействие коррупции | ||
| a | Ключевые слова | Расследование коррупции | ||
| a | Ключевые слова | Российская Федерация | ||
| a | Ключевые слова | Учебники для вузов | ||
| 700 | 1_ | a | Другие авторы | Карпович Олег Геннадьевич |
| q | Полное имя | Карпович, О. Г. | ||
| 700 | 1_ | a | Другие авторы | Малиновский Игорь Борисович |
| q | Полное имя | Малиновский, И. Б. | ||
| 700 | 1_ | a | Другие авторы | Трунцевский Ю. В. |
| 700 | 1_ | a | Другие авторы | Сухарев В. Ф. |
| 901 | t | Тип документа | m | |
| 910 | a | гриф есть** | ||
| 920 | a | Оператор | Стру | |
| 930 | a | Новая/Ретро | учебники | |
| 952 | c | Вид литературы | К ру | |
| 954 | a | Дата поступления на обработку | 20110831 |